| 000 | 00652cam a2200229 4500 | ||
|---|---|---|---|
| 008 | 090401t1997 xxu||||| |||| 00| 0 eng d | ||
| 020 | _a1862130191 | ||
| 035 | _a(Sirsi) u82943 | ||
| 041 | _aeng | ||
| 050 | _a333.0062 | ||
| 245 | 4 | _aThe Ivanhoe career guide to chartered surveyors 1998 | |
| 260 |
_aLondon _bCambridge Market Intelligence Limited _c1997 |
||
| 300 | _axi, 163p. ; 21cm. | ||
| 350 | _a15 | ||
| 650 | _aCAREERS, EDUCATION AND TRAINING | ||
| 650 | _aABOUT RICS-RICS MEMBERS | ||
| 650 | _aDIRECTORIES | ||
| 650 | _aRICS | ||
| 690 | _aMANAGEMENT-BUSINESS MANAGEMENT-PROFESSIONAL PRACTICE | ||
| 942 | _n0 | ||
| 948 | _c05/01/1998 | ||
| 999 |
_c96848 _d96848 |
||